| 000 | 00000nam##2200000za#4500 |
| 001 | 9.577260 |
| 003 | CaOODSP |
| 005 | 20210624185528 |
| 007 | cr ||||||||||| |
| 008 | 150406|1996||||xxc|||||o f|0| 0 eng|d |
| 040 | |aCaOODSP|beng |
| 043 | |an-cn--- |
| 086 | 1 |aFs97-13/975E-PDF |
| 110 | 1 |aCanada. |bDepartment of Fisheries and Oceans. |
| 245 | 10|aField survey report for Saanich Inlet Eelgrass, July 1995 / |h[electronic resource]|cby J. Lessard ... [et al.]. |
| 260 | |aWest Vancouver - British Columbia : |bFisheries and Oceans Canada |c1996. |
| 300 | |a34p.|breferences, tables |
| 490 | 1 |aCanadian data report of fisheries and aquatic sciences|vNo. 975 |
| 500 | |aOn t.p.: West Vancouver Laboratory, West Vancouver, B.C. The catalogue number and ISSN for the print edition appear in the PDF version. |
| 546 | |a(Résumé en français) |
| 590 | |a13-21-Supp|b2013-09-16 |
| 830 | #0|aCanadian data report of fisheries and aquatic sciences ;|vNo. 975|w(CaOODSP)9.505124 |
| 856 | 40|ahttp://publications.gc.ca|qPDF|s906 KB|uhttps://publications.gc.ca/collections/collection_2013/mpo-dfo/Fs97-13-975-eng.pdf|yNo. 975 |